| 000 | 00922nam#a22002895a#4500 | ||
|---|---|---|---|
| 001 | 1770 | ||
| 008 | 110412s2010####ag#####g######001#pdspa#d | ||
| 245 | 1 | 3 |
_aEl gaucho Martín Fierro ; La vuelta de Martín Fierro / _cJosé Hernández ; editado por Carlos Gazzera ; estudio preliminar de Eduardo Romano. |
| 250 | _a1ª ed. | ||
| 260 |
_aVilla María : _bEduvim, _c2010. |
||
| 300 |
_a294 p. ; _c22 cm. |
||
| 490 | 0 |
_aLetras y Pensamiento en el Bicentenario ; _vno. 4 |
|
| 020 | _a9789871518937 | ||
| 100 | 1 | _aHernández, José. | |
| 700 | 1 |
_aGazzera, Carlos, _eeditor. _4edt |
|
| 700 | 1 |
_aRomano, Eduardo, _dautor de la introducción. _4aui |
|
| 080 | _a860(82)-1 | ||
| 084 | _aH45 | ||
| 653 | _aLiteratura argentina | ||
| 653 | _aPoesía argentina | ||
| 653 | _aLiteratura gauchesca | ||
| 653 | _aPoesía gauchesca | ||
| 040 |
_aAR-ClEAG _cAR-ClEAG |
||
| 005 | 20241107184721.0 | ||
| 003 | AR-ClEAG | ||
| 942 | _cBK | ||
| 999 |
_c1770 _d1770 |
||
| 980 |
_62 _aEvangelina Gallicchio _82 _gEvangelina Gallicchio |
||